| 000 | 00742nam a22002177a 4500 | ||
|---|---|---|---|
| 999 |
_c15314 _d15314 |
||
| 003 | AR-CdUCM | ||
| 008 | 190426b ||||| |||| 00| 0 spa d | ||
| 020 | _a978-607-16-0065-3 | ||
| 040 |
_aMUNICIPALIDAD PROVINCIAL DEL CUSCO _cBIBLIOTECA MUNICIPAL DEL CUSCO |
||
| 082 |
_aPI / 808.06 / _bS68 |
||
| 100 |
_aSánchez, Diego Francisco _934364 |
||
| 245 | _aJacinto y María José / | ||
| 260 |
_aMéxico D.F. : _bFondo de cultura económica, _c2009. |
||
| 300 |
_a28 paginas ; _bIlustraciones, _c25 cm. |
||
| 440 |
_aColección los especiales a la orilla del viento _934338 |
||
| 650 |
_aLiteratura infantil _9588 |
||
| 650 |
_aEl caracol _934356 |
||
| 650 |
_aTexto de aventura _934344 |
||
| 942 |
_2ddc _cLIBROS |
||
| 945 |
_awnts _d2019-04-26 |
||